000 00381nam a22001571a 4500
999 _c153220
_d153220
082 _aS 294.592 2
_bSAN/R
100 _aSanthoshkumar
245 _aRamayana quiz/
_cby Santhoshkumar.
260 _aKozhikode:
_bSanathana Publications,
_c2010.
300 _a87p.
650 _aRamayana
650 _aVedic Literature
650 _aHinduism
650 _aReligion
942 _cBK